00868nam a22001937a 450000500170000000800410001702000180005804000070007604100120008308200160009510000170011124500310012826000440015930000260020336500570022952003430028665000290062970000160065820260131092145.0250724b |||||||| |||| 00| 0 eng d a9789386830005 cAL aEnglish a336.2bMEHG aMehrotra H C aGoods and services tax GST aAgrabSahitya Bhawan Publicationsc2025 a270p.bPBc24x17.2cm. 2Generala2032b₹200.00c₹d₹250.00e22/07/2025 aIndirect taxes: Good and services tax GST; Taxation mechanism under GST; GST council, avoidance of dual control and key definitions; Supply: Meaning time and valuation; Place of supply of goods and services; Levy and collection of tax; Registration; Input tac credit; Composition scheme and reverse charge mechanism; Accounts and records. 2Public FinanceaTaxation aAgarwal V P